01074nab a2200205 i 4500001000400000003000400004005001700008008003900025040000800064080001000072100015700082245011700239260001000356500002100366520030000387650001500687650002000702650001400722773013200736BPPBPK20190604154926.0150210s1978 pl n f |000 0pol cBPK a621.9 aBORKOWSKI, Józef.d1975 - 1996.bWyższa Szkoła Inżynierska w Koszalinie - Instytut Konstrukcji i Eksploatacji Maszyn,cZakład Technologii Maszyn aProblematyka zastosowania monokrystalicznych ziarn węglika krzemu w obróbce ściernej /cJózef Borkowski. c1978. aDane z autopsji. aW artykule przeanalizowano własności stereometryczne ziarn węglika krzemu wykazując zalety ziarn płytkowatych, które są przeważnie heksogonalnymi monokryształami SiC. Omówiono warunki i wyniki badań własności skrawnych pojedynczych ziarn monokrystalicznych i standardowych. 0aKarborund. 0aMonokryształy. 0aSkrawanie iW :tZeszyty Naukowe Wyższej Szkoły Inżynierskiej w Koszalinie. Prace Instytutu Budowy Maszyn. -g1978, nr 2 [6], s. 54-69